000 00648nam a2200217 a 4500
005 20160909020002.0
008 140317b2002 ck |||||rm||| 00| 0 spa d
040 _aCO-BoIAVH
_cCO-BoIAVH
041 _aspa
044 _ack
090 _aTE
_b0140
100 1 _aCuervo Maya, Andrés Mauricio
245 1 0 _aEfecto de la fragmentación de hábitat sobre aves andinas
_btamaño corporal y asimetría fluctuante
260 _aMedellín
_bUniversidad de Antioquia
_c2002
300 _a40 Paginas
650 1 4 _aAvifauna
650 1 4 _aDistribucción
650 1 4 _aMuestreo
942 _cTESIS
_2z
_01
945 _d2005-06-27
999 _c4620
_d4620